01081 2200349 4500001002100000005001500021035002000036007000300056040001200059100003500071245011300106250001100219300002300230020002200253041000800275082001100283084001700294090002100311264003300332336002100365337003000386338002300416500004700439520006100486650002700547850001000574008004100584990002500625990002700650990002700677990002700704INLIS00000000000682120260410015108 a0010-0622000156ta aSBPUPAD0 aYusup PriyasudiarjaePengarang1 aTujuh Puluh Cara Jitu Membuat kalimat Percakapan Bahasan Inggris dengan Grammar Tepat /cYusup Priyasudiarja a.-ed.1 av,345 hlm ;c23 cm a978-979-29-4076-31 aind a372.61 a372.61 YUS t a372.61 YUS t 9-9 a.--Yogyakarat :bANDI,c2013 2rdacontentaTeks 2rdamediaaTanpa Perantara 2rdacarrieravolume aDaftar Kata Kerja Tidak Beraturan, hlm 339 aMahir membuat kalimat -kalimat percakapan bahasa inggris 4aBahasa Inggris-Grammar aPUPAD260410 0  a22.272/KAPD/PDG/2016 a22.274/KAPD/PDG/2016/B a22.273/KAPD/PDG/2016/B a22.272/KAPD/PDG/2016/B